000 00630nam a2200205 a 4500
001 21468
003 CO-ViMGA
008 141112s2004 ck r 000 u spa d
020 _a8426132979
040 _aCO-ViMGA
_bspa
_cCO-ViMGA
082 0 4 _aGEIa
100 1 _aGeisler, Dagmar
_930668
245 1 0 _aA bañarse, Max!
260 _aBarcelona :
_bJuventud,
_c2002
300 _a12
500 _aLibros para bebes.
590 _aForma de adquisición : Donación fact. 8847 - - Precio : 25500 - - Proveedor : Fundación exito - - Fecha de adquisición : Junio 2007
650 1 4 _aCUENTOS INFANTILES ALEMANES
942 _2ddc
_cBK
999 _c30073
_d30073